书目信息 |
| 题名: |
辐射环境监测
|
|
| 作者: | 杨毅 , 林炬 , 刘颖 编著 | |
| 分册: | ||
| 出版信息: | 北京 北京航空航天大学出版社 2018.09 |
|
| 页数: | 262页 | |
| 开本: | 26cm | |
| 丛书名: | ||
| 单 册: | ||
| 中图分类: | X837 | |
| 科图分类: | ||
| 主题词: | 辐射监测--fu she jian ce--高等教育--教材 | |
| 电子资源: | ||
| ISBN: | 978-7-5124-2750-1 | |
| 000 | 01015nam0 2200277 450 | |
| 001 | 0100010316 | |
| 005 | 20190905093951.0 | |
| 010 | @a978-7-5124-2750-1@dCNY49.00 | |
| 100 | @a20190901d2018 em y0chiy50 ea | |
| 101 | 0 | @achi |
| 102 | @aCN@b110000 | |
| 105 | @aak a 000yy | |
| 106 | @ar | |
| 200 | 1 | @a辐射环境监测@Afu she huan jing jian ce@f杨毅, 林炬, 刘颖编著 |
| 210 | @a北京@c北京航空航天大学出版社@d2018.09 | |
| 215 | @a262页@c图@d26cm | |
| 320 | @a有书目 (第257-262页) | |
| 330 | @a本书介绍了辐射环境监测的基本情况、监测技术规范、核设施流出物监测与辐射应急监测、典型环境体系 (水、空气、土壤、食品、建筑材料) 放射性核素测定, 以及电磁辐射环境 (交流输变电工程、移动通信基站、变电站等) 监测等内容。 | |
| 333 | @a普通高等教育创新型人才培养规划教材 | |
| 606 | 0 | @a辐射监测@Afu she jian ce@x高等教育@j教材 |
| 690 | @aX837@v5 | |
| 701 | 0 | @a杨毅@Ayang yi@4编著 |
| 701 | 0 | @a林炬@Alin ju@4编著 |
| 701 | 0 | @a刘颖@Aliu ying@4编著 |
| 801 | 0 | @aCN@c20190905 |
| 905 | @a河南城建学院图书馆@dX837@eY313 | |
| 辐射环境监测/杨毅, 林炬, 刘颖编著.-北京:北京航空航天大学出版社,2018.09 |
| 262页:图;26cm |
| 使用对象:普通高等教育创新型人才培养规划教材 |
| ISBN 978-7-5124-2750-1:CNY49.00 |
| 本书介绍了辐射环境监测的基本情况、监测技术规范、核设施流出物监测与辐射应急监测、典型环境体系 (水、空气、土壤、食品、建筑材料) 放射性核素测定, 以及电磁辐射环境 (交流输变电工程、移动通信基站、变电站等) 监测等内容。 |
| ● |
| 相关链接 |
|
|
|
正题名:辐射环境监测
索取号:X837/Y313
 
预约/预借
| 序号 | 登录号 | 条形码 | 馆藏地/架位号 | 状态 | 备注 |
| 1 | 1437940 | 214379402 | 自科库501/501自科库 118排1列2层/ [索取号:X837/Y313] | 在馆 | |
| 2 | 1437941 | 214379411 | 自科库501/501自科库 118排1列2层/ [索取号:X837/Y313] | 在馆 |